| 000 | 00706cam a22002531i 4500 | ||
|---|---|---|---|
| 999 |
_c7796 _d7796 |
||
| 001 | 7796 | ||
| 003 | BD-JhCC | ||
| 005 | 20180214101551.0 | ||
| 008 | 771206s1960 nyua 000 0 eng | ||
| 035 | _a(BD-JhCC)7796 | ||
| 035 | _a(OCoLC)3467763 | ||
| 040 |
_aDLC _cFMMD _dNBrockU _dDLC _dBD-JhCC |
||
| 041 | _aeng | ||
| 050 | 0 | 0 |
_aLB3051 _b.T47 1960 |
| 082 | _bTHO 1960 | ||
| 100 | 1 |
_aThomas, R. Murray _q(Robert Murray), _d1921- |
|
| 245 | 1 | 0 |
_aJudging student progress / _cR. Murray Thomas. |
| 250 | _a2d. ed. | ||
| 260 |
_aNew York : _bLongmans, Green and Co., _cc1960. |
||
| 300 |
_a518 p. : _bill. ; _c22 cm. |
||
| 650 | 0 | _aEducational tests and measurements. | |
| 942 |
_2ddc _cBK |
||